Clueless #2 - Statistics

General Stats
  • This quiz has been taken 1,662 times
    1,193 since last reset
  • The average score is 222 of 498
Answer Stats
Word % Correct
      me!      
99%
      me.      
99%
      "My      
99%
       "I       
99%
       I,       
99%
       I        
99%
       me       
99%
       my       
99%
       "A       
98%
       a        
98%
       A        
98%
      The      
95%
      the      
95%
      The      
95%
      are      
88%
      into      
88%
       is       
88%
      was      
88%
      were      
88%
      "He      
87%
      him!      
87%
      him      
87%
      his      
87%
       he       
87%
       He       
87%
       us       
85%
       we       
85%
       We       
85%
      our      
85%
      Our      
85%
      us,      
85%
      us?      
85%
      her      
84%
      Her      
84%
      her.      
84%
      she      
84%
      She      
84%
      "You      
83%
      you      
83%
      You      
83%
      you.      
83%
      you?      
83%
      your      
83%
      Your      
83%
     "Your      
83%
     did!"      
81%
      "Did      
81%
      did      
81%
      Did      
81%
      "do      
81%
      "Do      
81%
      do!"      
81%
      do!      
81%
      do."      
81%
      do.      
81%
      do?"      
81%
      do?      
81%
       do       
81%
       Do       
81%
       to       
80%
       To       
80%
      go!      
77%
      gone      
77%
       go       
77%
      went      
77%
       no       
76%
      "no!      
76%
      "No!      
76%
      "No,      
76%
      no!      
76%
      No!      
76%
      no.      
76%
      and      
75%
      And      
75%
      And,      
75%
       be       
75%
       In       
74%
      "In      
74%
       in       
74%
       In       
74%
       on       
74%
       On       
74%
      them      
71%
      they      
71%
      They      
71%
     their      
71%
     them!      
71%
     "They      
71%
      what      
70%
      What      
70%
      man!      
69%
      it!      
68%
      it,      
68%
      it.      
68%
      it?      
68%
       it       
68%
       It       
68%
      not!      
68%
      not      
68%
      Not      
68%
      not.      
68%
       so       
67%
       So       
67%
      "So      
67%
      so,"      
67%
      So,      
67%
      When      
67%
     "Have      
66%
      had      
66%
      has      
66%
      have      
66%
      Have      
66%
      that      
66%
      That      
66%
     that."     
66%
     that?"     
66%
     "that      
66%
     "That      
66%
     that!      
66%
     those      
66%
     Those      
66%
      said      
64%
      Said      
64%
      say.      
64%
      say?      
64%
     said,      
64%
     said.      
64%
     say!"      
64%
      can      
63%
      can,      
63%
     there,     
63%
     there      
63%
     There      
63%
     could,     
61%
     could      
61%
      one!      
61%
      One!      
61%
      one      
61%
      One      
61%
      two      
61%
      Two      
61%
      two,      
61%
      two.      
61%
      Two.      
61%
     should     
61%
     Should     
61%
     two!"      
61%
     Two?"      
61%
     would      
61%
     Would      
61%
       of       
60%
      For      
58%
      will      
58%
      Will      
58%
     know!"     
57%
      know      
57%
      saw      
57%
      Saw      
57%
      see      
57%
      Who      
57%
      "Why      
57%
      Why,      
57%
     "Why,      
57%
     all!"      
56%
      all!      
56%
      all"      
56%
      all      
56%
      All      
56%
      all.      
56%
   something!   
56%
   something    
56%
      "how      
55%
      How      
55%
      how.      
55%
      then      
55%
      Then      
55%
     then!      
55%
     then,      
55%
     Then,      
55%
       at       
54%
       At       
54%
      Cat      
52%
      cat!      
52%
      cat      
52%
      cat,      
52%
      cat.      
52%
      this      
52%
      This      
52%
     "These     
52%
     these      
52%
     These      
52%
     "This      
52%
     this!      
52%
     this,      
52%
     this?      
52%
   playthings   
52%
     day."      
51%
      day.      
51%
      day?      
51%
       if       
51%
       If       
51%
      want      
51%
      Hat      
50%
      "But      
50%
      But      
50%
      hat!      
50%
      hat      
50%
      hat,      
50%
      hat.      
50%
      Dr.      
49%
       By       
49%
    looked!    
47%
     like,"     
47%
     "look!     
47%
     look!"     
47%
     Look!"     
47%
     "Look      
47%
     look!      
47%
     look.      
47%
      like      
47%
      look      
47%
      Look      
47%
      with      
46%
      With      
46%
     Sally.     
46%
     Sally      
46%
     "with      
46%
     "With      
46%
       as       
45%
       As       
45%
      out!      
45%
      out      
45%
      out.      
45%
      too      
45%
      Too      
45%
      too.      
45%
     out!"      
45%
     come.      
44%
     here.      
44%
      came      
44%
      Came      
44%
      come      
44%
      here      
44%
     thing      
44%
     Thing      
44%
     things     
44%
     Things     
44%
    things,"    
44%
    Things."    
44%
    things.    
44%
      get      
43%
      got      
43%
      some      
43%
      made      
42%
      Make      
42%
       up       
42%
      up!      
42%
      up.      
42%
    Up-up-up    
42%
    house!"    
41%
     house!     
41%
     house.     
41%
     house?     
41%
     house      
41%
      tell      
40%
      Tell      
40%
     Think      
40%
     down!"     
39%
     down!      
39%
     down,      
39%
     down.      
39%
     good,"     
39%
      down      
39%
      Down      
39%
      good      
39%
      Good      
39%
      lit.      
39%
      "Now      
39%
      now!      
39%
      Now!      
39%
      Now,      
39%
      now.      
39%
      sat      
39%
      Sit!      
39%
      sit      
39%
      Yes.      
39%
     "Now!      
39%
     now!"      
39%
     Seuss      
38%
       Oh       
38%
      "Oh      
38%
      Oh,      
38%
     hear!      
37%
     hear?      
37%
      take      
37%
     "Take      
37%
    mother!    
36%
    Mother's    
36%
     mother     
36%
      way      
35%
     way!"      
35%
 fun-in-a-box," 
34%
     away!"     
34%
     away!      
34%
     away.      
34%
     bit!"      
34%
     little     
34%
      away      
34%
      bite      
34%
      bit.      
34%
      play      
34%
      ran      
34%
      run      
34%
     play,"     
34%
     play!      
34%
     play.      
34%
    nothing    
34%
     bad,"      
33%
      bad      
33%
      From      
33%
      gave      
33%
      give      
33%
    funny!"    
32%
     about.     
32%
     about      
32%
     fun."      
32%
      fun      
32%
      fun,      
32%
      fun?      
32%
      let      
32%
      wish      
32%
     wish,      
32%
     fear!"     
31%
     fear,      
31%
     fear.      
31%
      fear      
31%
      sun      
30%
     sunny.     
30%
     lot!"      
29%
      lot      
29%
      Lots      
29%
     stand      
29%
     cold,      
28%
     fall!"     
28%
     fall!      
28%
     fall.      
28%
      back      
28%
      cold      
28%
      fell      
28%
      "Put      
28%
      put      
28%
      Put      
28%
      show      
28%
     game,"     
27%
     game.      
27%
     games      
27%
     hand!      
27%
     hands.     
27%
     hands      
27%
     head!      
27%
      any      
27%
      game      
27%
      head      
27%
     fish!"     
26%
     fish,"     
26%
     fish!      
26%
     fish.      
26%
     jump!      
26%
     jumps      
26%
      fish      
26%
     home!      
25%
      call      
24%
      top      
24%
     shine.     
24%
     ball!      
23%
     ball.      
23%
      hold      
23%
      mind      
23%
      big      
22%
      bow.      
22%
      wet      
22%
      wet,      
22%
     asked      
21%
      find      
21%
      new      
21%
      new.      
21%
      red      
21%
      red.      
21%
    another    
20%
    Another    
20%
     mess,"     
20%
     mess!      
20%
      box      
20%
      box.      
20%
      mess      
20%
      sad      
20%
     Fast!"     
19%
     fast.      
19%
      fast      
19%
     last!      
18%
      high      
18%
      mat!      
18%
      Well      
18%
     stop.      
18%
     always     
17%
      wall      
17%
     wall!      
17%
     after      
16%
     books!     
16%
     books,     
16%
      book      
16%
      pat.      
16%
      rid      
16%
      tip      
16%
     near!      
16%
     shook      
16%
     trick      
16%
     tricks     
16%
     white      
16%
    trick,"    
16%
    tricks,"    
16%
    tricks.    
16%
      bed!      
15%
      pick      
15%
      pot!      
15%
      pot.      
15%
     picked     
15%
     shake      
15%
     tall,      
15%
     yet!"      
15%
     hall.      
14%
      bet,      
14%
      bet.      
14%
      fly      
14%
      hop      
14%
      hops      
14%
     bump!      
13%
     Bump!      
13%
     bumps,     
13%
     dear!"     
13%
     dear.      
13%
     dish!      
13%
     dish,      
13%
      bump      
13%
      Bump      
13%
      tail      
13%
      toy      
13%
     shame!     
13%
    shame!"    
13%
     kinds      
12%
      cup      
12%
      cup,      
12%
      hit!      
12%
      kind      
12%
      fox,      
11%
     hook.      
10%
      step      
10%
      wood      
10%
     Thump!     
9%
     thumps     
9%
     cake!      
8%
     cake,      
8%
     cake.      
8%
     gown!      
8%
     gown,      
8%
     milk,      
8%
      cake      
8%
      gown      
8%
      milk      
8%
      net      
8%
      net,      
8%
      net.      
8%
      pack      
8%
      sank      
8%
      Sank      
8%
     pink,      
8%
    kites,"    
7%
     kicks      
7%
     kites      
7%
      deep      
7%
      dots      
7%
      fan!      
7%
      fan      
7%
      fan,      
7%
      kite      
7%
      ship      
7%
      shut      
7%
     rake!      
7%
     rake,      
7%
     rake.      
7%
     ship!      
7%
     ship,      
7%
     string     
7%
    strings,    
7%
      bent      
6%
     plop!      
5%
     tame!      
5%
     tame.      
5%
No matching quizzes found
Score Distribution
Percent of People with Each Score
Percentile by Number Answered
Your Score History
You have not taken this quiz since the last reset